000 01120cam a2200313 4500
001 E128734
008 050208n2005 000 0 eng u
020 _a1845920295
035 _a(Sirsi) u128734
041 _aeng
050 _a336.2
_c18
100 _aSpencer, Philip
245 _aTottel's property tax planning
250 _a6th ed.
260 _aHaywards Heath
_bTottel Publishing
_c2005
300 _axxix,396p. ; 23cm.
350 _a87.95
520 _aHighlights tax planning oppportunities and pitfalls arising in property transactions. Divided into four parts, each part deals with a principal area of property tax ownership: property investors; property dealers and developers; trading premises; and private residences. Relevant cases, statutes and checklists are included
590 _aIKA130905
650 _aCAPITAL ALLOWANCES
650 _aCAPITAL GAINS TAX
650 _aCONSTRUCTION INDUSTRY SCHEME
650 _aINTEREST RELIEF
650 _aPROPERTY INVESTMENT
650 _aSTAMP DUTY
650 _aVALUE ADDED TAX
690 _aPROPERTY-PROPERTY TAXATION
942 _n0
999 _c104003
_d104003